Knowledge and control : (Record no. 123661)

MARC details
000 -LEADER
fixed length control field 00763nam a22002417a 4500
005 - DATE AND TIME OF LATEST TRANSACTION
control field 20170124105928.0
010 ## - LIBRARY OF CONGRESS CONTROL NUMBER
LC control number A-049434
020 ## - INTERNATIONAL STANDARD BOOK NUMBER
Terms of availability 00.00
035 ## - SYSTEM CONTROL NUMBER
System control number A-049434
037 ## - SOURCE OF ACQUISITION
Source of stock number/acquisition Cen Lib/Ret
040 ## - CATALOGING SOURCE
Original cataloging agency DPL
Language of cataloging EN
082 ## - DEWEY DECIMAL CLASSIFICATION NUMBER
Classification number 370.19
Item number KNO
245 ## - TITLE STATEMENT
Title Knowledge and control :
Statement of responsibility, etc edited by Michael F.D. Young
Remainder of title new directions for the sociology of education /
250 ## - EDITION STATEMENT
Edition statement 2nd ed
260 ## - PUBLICATION, DISTRIBUTION, ETC. (IMPRINT)
Place of publication, distribution, etc London
Name of publisher, distributor, etc Collier-MacMillan Publishers
Date of publication, distribution, etc 1972
270 ## - ADDRESS
City London
Address Blue Star House, Higher Hill
300 ## - PHYSICAL DESCRIPTION
Extent vi, 289p.
Dimensions 22cm(Hb)
500 ## - GENERAL NOTE
General note Includes bibliographical references
650 ## - SUBJECT ADDED ENTRY--TOPICAL TERM
Topical term or geographic name as entry element Education
9 (RLIN) 1169
650 ## - SUBJECT ADDED ENTRY--TOPICAL TERM
Topical term or geographic name as entry element Theoritical sociology
9 (RLIN) 7596
700 ## - ADDED ENTRY--PERSONAL NAME
Personal name Young, Micheal F.D.
9 (RLIN) 7597
942 ## - ADDED ENTRY ELEMENTS (KOHA)
Source of classification or shelving scheme Dewey Decimal Classification
Koha item type English Books
Classification part 370.19
Call number suffix KNO
Holdings
Withdrawn status Lost status Damaged status Not for loan Home library Current library Date acquired Source of acquisition Cost, normal purchase price Total Checkouts Full call number Barcode Date last seen Copy number Cost, replacement price Price effective from Koha item type Public note
Written off       Central Library Central Library 11/06/2015 Cen Lib/Ret 0.00   370.19 KNO A-049434 11/06/2015 1 0.00 11/06/2015 English Books W/d List No. 6892/17 ; dtd 26/09/2020

© Delhi Public Library
Hit Counter
free hit counter